01836nam a2200349 a 450000100060000000300100000600500170001600700030003300800410003602000180007704000300009504300120012508200240013710000310016124501790019225000180037130000470038933600270043633700330046333800280049649000470052450000350057150003650060661000840097161000700105561000500112565000590117565000610123465000760129565000640137183000510143557955CO-BoRNBP20250813201750.0ta150921s2014 ck a gr 00010 spa d a9789588471716 aCO-BoBLA bspa cCO-BoBLA as-ck---04a709.861 bB17r 2211 aBarón Pino, María Sol.10aRojo y más rojo : bTaller 4 Rojo ; producción gráfica y acción directa / cMaría Sol Barón Pino y Camilo Ordóñez Robayo ; curaduría Equipo Transhistor(ia). a1a. edición a373 páginas : bilustraciones ; c23 cm. 2rdacontentatextobtxt 2rdamediaasin mediaciónbn 2rdacarrieravolumenbnc1 aInvestigaciones del arte colombiano - FUGA aIncluye índice de contenido. aInvestigación curatorial desarrollada a través del IV Premio de Curaduría Histórica (2010), que reúne una amplia producción y documentos del grupo Taller 4 Rojo, colectivo artístico activo en Bogotá entre 1972 y 1976, en el que participaron Diego Arango, Umberto Giangrandi, Carlos Granada, Jorge Mora, Fabio Rodríguez Amaya y Nirma Zárate.27aFundación Gilberto Alzate Avendaño (Bogotá)v Exposicionesv Catálogos.27aTaller 4 Rojo (Grupo de artistas)x Crítica e interpretación.27aTaller 4 Rojo (Grupo de artistas)x Historia. 7aArte colombianov Exposicionesv Catálogos.2BLAAUTO 7aArtes plásticasv Exposicionesv Catálogos.2BLAAUTO 7aArtistas plásticos colombianosv Exposicionesv Catálogos.2BLAAUTO 7aGrabados colombianosv Exposicionesv Catálogos.2BLAAUTO 0aPrograma de catalogación en la publicación